Uczestnicy Klubowych Mistrzostw Świata 2025 - Statystyki

Ogólne statystyki
  • Ten quiz został rozwiązany 13 razy
  • Średni wynik to 21 z 32
Statystyki odpowiedzi
Federacja Odpowiedź % Poprawnych
UEFA Inter Mediolan
100%
CONCACAF Inter Miami
100%
UEFA Paris Saint-Germain
100%
UEFA Atlético Madryt
89%
CONMEBOL Botafogo
89%
UEFA FC Porto
89%
CONMEBOL Palmeiras
89%
CONMEBOL Boca Juniors
78%
UEFA Chelsea
78%
UEFA Real Madryt
78%
CAF Al-Ahly
67%
UEFA Bayern Monachium
67%
CONMEBOL Flamengo
67%
UEFA Juventus
67%
UEFA Manchester City
67%
CONCACAF Monterrey
67%
CONCACAF Pachuca
67%
CONMEBOL River Plate
67%
AFC Urawa Red Diamonds
67%
AFC Al-Hilal
56%
OFC Auckland City
56%
UEFA Benfica
56%
UEFA Borussia Dortmund
56%
CAF Espérance Tunis
56%
CONCACAF Los Angeles FC
56%
AFC Al-Ain FC
44%
CONMEBOL Fluminense
44%
UEFA Red Bull Salzburg
44%
CONCACAF Seattle Sounders
44%
CAF Wydad Casablanca
44%
CAF Mamelodi Sundowns
33%
AFC Ulsan Hyundai
33%
Nie znaleziono quizów pasujących do podanych kryteriów
Rozkład punktacji
Procent ludzi z każdym wynikiem
Percentyl według liczby udzielonych odpowiedzi
Twoja historia wyników
Nie rozwiązałeś tego quizu